| 000 | 00452nam a2200181Ia 4500 | ||
|---|---|---|---|
| 005 | 20250603145303.0 | ||
| 008 | 250603s9999 xx 000 0 und d | ||
| 020 | _a9780751335 | ||
| 050 | _aPL 8014 .M33/ | ||
| 100 | _aMadubuike, Ihechukwu | ||
| 245 | 0 | _aLiterature, culture and development : the african experience | |
| 260 | _aAbuja | ||
| 260 | _bRoot Books & Journals | ||
| 260 | _c2007 | ||
| 300 | _a287 p | ||
| 650 | _aAbuja | ||
| 942 | _cBK | ||
| 999 |
_c41416 _d41416 |
||